|
|
|
|
| LEADER |
01647nam a22004094a 4500 |
| 001 |
EBC459356 |
| 003 |
MiAaPQ |
| 005 |
20200520144314.0 |
| 006 |
m o d | |
| 007 |
cr cn||||||||| |
| 008 |
060405s2006 dcu sb 001 0 eng |
| 010 |
|
|
|z 2006045422
|
| 020 |
|
|
|z 0821365797 (pbk.)
|
| 035 |
|
|
|a (MiAaPQ)EBC459356
|
| 035 |
|
|
|a (Au-PeEL)EBL459356
|
| 035 |
|
|
|a (CaPaEBR)ebr10130762
|
| 035 |
|
|
|a (CaONFJC)MIL50348
|
| 035 |
|
|
|a (OCoLC)935270837
|
| 040 |
|
|
|a MiAaPQ
|c MiAaPQ
|d MiAaPQ
|
| 043 |
|
|
|a d------
|
| 050 |
|
4 |
|a HD9685.D442
|b B76 2006
|
| 082 |
0 |
4 |
|a 333.793/2
|2 22
|
| 100 |
1 |
|
|a Brown, Ashley C.,
|d 1946-
|
| 245 |
1 |
0 |
|a Handbook for evaluating infrastructure regulatory systems
|h [electronic resource] /
|c Ashley C. Brown, Jon Stern, and Bernard Tenenbaum ; with Defne Gencer.
|
| 260 |
|
|
|a Washington, D.C. :
|b World Bank,
|c c2006.
|
| 300 |
|
|
|a xx, 397 p.
|
| 504 |
|
|
|a Includes bibliographical references (p. 353-377) and index.
|
| 533 |
|
|
|a Electronic reproduction. Ann Arbor, MI : ProQuest, 2015. Available via World Wide Web. Access may be limited to ProQuest affiliated libraries.
|
| 650 |
|
0 |
|a Electric utilities
|x Government policy
|z Developing countries.
|
| 650 |
|
0 |
|a Electric utilities
|z Developing countries
|x Management.
|
| 650 |
|
0 |
|a Electric utilities
|x Finance
|z Developing countries.
|
| 650 |
|
0 |
|a Infrastructure (Economics)
|x Government policy
|z Developing countries.
|
| 655 |
|
4 |
|a Electronic books.
|
| 700 |
1 |
|
|a Stern, Jon.
|
| 700 |
1 |
|
|a Tenenbaum, Bernard William.
|
| 710 |
2 |
|
|a ProQuest (Firm)
|
| 856 |
4 |
0 |
|u https://ebookcentral.proquest.com/lib/matrademy/detail.action?docID=459356
|z Click to View
|